Titres de chansons d'Angèle - Clic Quiz - Statistiques

Statistiques générales
  • Ce quiz a été pris 262 fois
  • Le résultat moyen est 18 sur 20
Statistiques - réponses
Hint Réponse % Correct
Oui ou Non
100%
Balance ton Quoi
100%
Bruxelles je T'aime
100%
La loi de Murphy
99%
Tout Oublier
98%
Promets Moi
97%
Ta Reine
97%
Pensées Positives
96%
Je veux tes Yeux
96%
Mots Justes
94%
La Thune
94%
Le temps fera les Choses
93%
Victime des Réseaux
93%
Que du Love
91%
Tu me Regardes
91%
On S'habitue
91%
Amour, haine et Danger
81%
Les Matins
71%
Mauvais Rêves
70%
Plus de Sens
51%
Aucun quiz correspondant
Distribution des résultats
% des personnes avec chaque résultat
Percentile par nombre de réponses
Votre historique - résultats
Vous n’avez pas pris ce quiz